Primicias de América en Santo Domingo : (Registro nro. 14862)

Detalles MARC
000 -LIDER
fixed length control field 00846nam a2200229 a 4500
001 - NÚMERO DE CONTROL
Identificador de número de control 000021901
003 - IDENTIFICACDOR DE NÚMERO DE CONTROL
control field DO-SdBPM
005 - DATE AND TIME OF LATEST TRANSACTION
control field 20241112111517.0
008 - ELEMENTOS DE LONGITUD FIJA
fixed length control field 100914s19uu dr ac 001 0 spa d
040 ## - FUENTE DE CATALOGACIÓN
Agencia que crea de manera original el registro DO-SdBPM
Idioma de catalogación spa
Agencia que realiza la transcripción BPMSU
082 #4 - NÚMERO DE CLASIFICACIÓN DECIMAL DE DEWEY
Classification number 972.9302
Item number R696p
Edition number 22
100 1# - ASIENTO PRINCIPAL -- NOMBRE PERSONAL
Nombre personal Rodríguez, Luis Arzeno,
Numeración 1922-
245 10 - MENCIÓN DE TITULO
Título Primicias de América en Santo Domingo :
Subtítulo V Centenario del Descubrimiento 1492-1992 /
Mención de responsabilidad Luis Arzeno Rodríguez.
260 ## - PUBLICACIÓN, DISTRIBUCIÓN, ETC. (PIE DE IMPRENTA)
Lugar de publicación, distribución, etc Santo Domingo :
Nombre del editor, distribuidor, etc. Del Nordeste,
Fecha de publicación, distribución, etc [199--?].
300 ## - DESCRIPCIÓN FÍSICA
Extensión 170 p. :
Otros detalles físicos il., retrs. ;
Dimensiones 21 cm.
504 ## - NOTA DE BIBLIOGRAFÍA, ETC.
Bibliography, etc Bibliografía: p.169-170.
590 ## - NOTA LOCAL
Texto de la nota local Inventariado, 2024/VM
650 #4 - ENCABEZAMIENTO DE MATERIA--TEMÁTICO
Término temático o nombre geográfico como elemento de entrada Santo domingo (República Dominicana)
Subdivisión temática general Historia local
651 #0 - ENCABEZAMIENTO DE MATERIA--NOMBRE GEOGRÁFICO
Nombre geográfico República Dominicana
Subdivisión temática general Historia
Subdivisión cronológica Descubrimiento y conquista, 1492-1503
910 ## - VALIDACIÓN
Validación VMateo V. Control de calidad. BPMSU
942 ## - ADDED ENTRY ELEMENTS (KOHA)
Source of classification or shelving scheme Dewey Decimal Classification
Koha item type Libros
Existencias
Withdrawn status Lost status Source of classification or shelving scheme Materials specified (bound volume or other part) Damaged status Not for loan Collection code Home library Current library Date acquired Source of acquisition Total Checkouts Full call number Barcode Date last seen Price effective from Koha item type
    Dewey Decimal Classification Flia Reyes     Colección Dominicana Biblioteca Pública Metropolitana Salomé Ureña Biblioteca Pública Metropolitana Salomé Ureña 11/12/2024 Flia Reyes Duluc   BPMSU CD 972.9302 R696p BPMSU24110025 11/12/2024 11/12/2024 Libros